Départements de l'Île-de-France (Click) - Statistiques

Statistiques générales
  • Ce quiz a été pris 815 fois
  • Le résultat moyen est 6 sur 8
Statistiques - réponses
Hint Réponse % Correct

Paris
95%

Seine-Saint-Denis
74%

Yvelines
74%

Hauts-de-Seine
71%

Seine-et-Marne
70%

Essonne
69%

Val-d'Oise
66%

Val-de-Marne
65%
Aucun quiz correspondant
Distribution des résultats
% des personnes avec chaque résultat
Percentile par nombre de réponses
Votre historique - résultats
Vous n’avez pas pris ce quiz